V.I.Lê-nin toàn tập / T.2 1895 - 1897
Giới thiệu các tác phẩm được V.I. Lênin viết trong giai đoạn những năm 1895-1897 trình bày các tư tưởng chủ yếu của chủ nghĩa Mác; Những tác phẩm nghiên cứu nhiệm vụ của những người Macxít Nga, những tác phẩm viết về kinh tế, và một số tác phẩm viết cho độc giả là công nhân...
שמור ב:
| מחבר ראשי: | |
|---|---|
| פורמט: | ספר |
| שפה: | Vietnamese |
| יצא לאור: |
H. :
Tiến bộ. Mát-xcơ-va,
1974.
|
| נושאים: | |
| תגים: |
הוספת תג
אין תגיות, היה/י הראשונ/ה לתייג את הרשומה!
|
| Thư viện lưu trữ: | Mạng thư viện Đại học Đà Nẵng |
|---|
| LEADER | 01861aam a22004458a 4500 | ||
|---|---|---|---|
| 001 | 000010144 | ||
| 003 | 6344 | ||
| 005 | 20180515092126.0 | ||
| 008 | 111115s1974 viesd | ||
| 020 | |d 1000b | ||
| 041 | |a vie | ||
| 082 | |2 14 |a 335.402 |b LÊ-N | ||
| 084 | |a A15 | ||
| 084 | |b V000-I | ||
| 100 | 0 | |a Lênin, V.I. | |
| 245 | 0 | |a V.I.Lê-nin toàn tập / |c Lênin, V.I. |n T.2 |p 1895 - 1897 | |
| 260 | |a H. : |b Tiến bộ. Mát-xcơ-va, |c 1974. | ||
| 300 | |a 840tr ; |c 19cm. | ||
| 504 | |a Phụ lục: tr. 369-384 | ||
| 520 | |a Giới thiệu các tác phẩm được V.I. Lênin viết trong giai đoạn những năm 1895-1897 trình bày các tư tưởng chủ yếu của chủ nghĩa Mác; Những tác phẩm nghiên cứu nhiệm vụ của những người Macxít Nga, những tác phẩm viết về kinh tế, và một số tác phẩm viết cho độc giả là công nhân | ||
| 650 | 7 | |2 Bộ TK TVQG |a Chủ nghĩa Mác-Lênin | |
| 650 | 7 | |2 Bộ TK TVQG |a Kinh tế | |
| 650 | 7 | |2 Bộ TK TVQG |a Chủ nghĩa dân tuý | |
| 650 | 7 | |2 Bộ TK TVQG |a Chủ nghĩa lãng mạn | |
| 653 | |a Luật công xưởng | ||
| 653 | |a Luật phạt tiền | ||
| 655 | 7 | |2 Bộ TK TVQG |a Toàn tập | |
| 773 | |d H. |d 2005 |d Chính trị Quốc gia |t V.I.Lê-nin toàn tập |w 266568 | ||
| 773 | |t V.I.Lê-nin toàn tập |w 4233 | ||
| 910 | |a Nguyễn Thị Kim Oanh |d 15/11/2011 | ||
| OWN | |a LSP | ||
| AVA | |a UDN50 |b LSP |d 335.402 LÊ-N |e available |t Error 5001 Not defined in file expand_doc_bib_avail. |f 2 |g 0 |h N |i 6 |k 1 | ||
| 999 | |a From the UDN01 | ||
| AVA | |a UDN50 |b LSP |d 335.402 LÊ-N |e available |t Error 5001 Not defined in file expand_doc_bib_avail. |f 2 |g 0 |h N |i 6 |k 1 | ||
| TYP | |a Monograph | ||
| TYP | |a Printed language | ||
| 980 | |a Mạng thư viện Đại học Đà Nẵng | ||